000 01085cam a22003377a 4500
003 CHAP
005 20220329140511.0
008 971013s1985 r 00010 d
010 _a52920
011 _a53892
035 _a58042
040 _cCHAP
090 _aTesis
100 0 0 _aSánchez Herrera, Francisco Javier.
_9107617
245 1 3 _aLa hormona juvenil en la fisiología de los insectos
260 _aMarín, N.L. :
_bEl autor,
_c1985
300 _a37 h.
502 _aTesis (Ing. Agr.) -- Univ. Autónoma de Nuevo León. Fac. de Agronomía
590 _aALEPH
_b10
_c20130110
_lUCH01
_h1330
590 _aBATCH-UPD
_b10
_c20130110
_lUCH01
_h0419
590 _aBATCH-UPD
_b10
_c20130110
_lUCH01
_h2306
590 _aBATCH-UPD
_b10
_c20130410
_lUCH01
_h0054
590 _aBATCH-UPD
_b10
_c20130914
_lUCH01
_h1603
590 _aCONVERSION
_b10
_c20130109
_lUCH01
_h1329
650 1 4 _aEcdisona.
_935039
650 1 4 _aHormonas.
_956235
650 1 4 _aInsectos
_xAnatomía y fisiología.
_958891
901 _aBK
942 _cTESIS
949 _bBC
_cTES
_d-126111
_eTS1
_h19118
_i58042
_si
999 _c52920
_d52920